00443nam a22001337a 4500003000700000005001700007008004100024082002900065100005900094245005500153260006700208300000800275650002600283MPLRDC20220104142801.0210129b ||||| |||| 00| 0 eng d a051.4 K1KC v.28 1984 c.2 a坤成女子中学高中第廿八届毕业刊筹委会 a一九八四年第二十八届高中毕业特刊c ab坤成女子中学高中第廿八届毕业刊编委会c1984 b精 a学术纪要、学刊